Atlas of stem anatomy in herbs, shrubs and trees (Record no. 1208495)

MARC details
000 -LEADER
fixed length control field 01084nam a2200349Ia 4500
003 - CONTROL NUMBER IDENTIFIER
control field OSt
005 - DATE AND TIME OF LATEST TRANSACTION
control field 20221007121142.0
008 - FIXED-LENGTH DATA ELEMENTS--GENERAL INFORMATION
fixed length control field 221006b |||||||| |||| 00| 0 eng d
020 ## - INTERNATIONAL STANDARD BOOK NUMBER
International Standard Book Number 9783642116377 (hbk)
037 ## - SOURCE OF ACQUISITION
Terms of availability Textual
040 ## - CATALOGING SOURCE
Original cataloging agency BDL
Transcribing agency BDL
Language of cataloging eng
041 ## - LANGUAGE CODE
Source of code eng
Language code of text/sound track or separate title eng
100 ## - MAIN ENTRY--PERSONAL NAME
Personal name Schweingruber Fritz Hans
9 (RLIN) 710815
245 #0 - TITLE STATEMENT
Title Atlas of stem anatomy in herbs, shrubs and trees
Remainder of title Borner Annett Schulze Ernst-Detlef
260 ## - PUBLICATION, DISTRIBUTION, ETC.
Place of publication, distribution, etc. Berlin
Name of publisher, distributor, etc. Springer-Verlag
Date of publication, distribution, etc. 2011
300 ## - PHYSICAL DESCRIPTION
Extent viii; 495p.
Dimensions cm.
490 ## - SERIES STATEMENT
Volume/sequential designation Vol.1
500 ## - GENERAL NOTE
General note References 479-484p.
650 ## - SUBJECT ADDED ENTRY--TOPICAL TERM
Topical term or geographic name entry element Atlas of stem anatomy
9 (RLIN) 710816
650 ## - SUBJECT ADDED ENTRY--TOPICAL TERM
Topical term or geographic name entry element Herbs
9 (RLIN) 710817
650 ## - SUBJECT ADDED ENTRY--TOPICAL TERM
Topical term or geographic name entry element Shrubs
9 (RLIN) 710818
650 ## - SUBJECT ADDED ENTRY--TOPICAL TERM
Topical term or geographic name entry element Trees
9 (RLIN) 710162
650 ## - SUBJECT ADDED ENTRY--TOPICAL TERM
Topical term or geographic name entry element Botany
700 ## - ADDED ENTRY--PERSONAL NAME
Personal name Borner Annett
9 (RLIN) 710819
700 ## - ADDED ENTRY--PERSONAL NAME
Personal name Schulze Ernst-Detlef
9 (RLIN) 710820
942 ## - ADDED ENTRY ELEMENTS (KOHA)
Classification part JB,14f, P6;Q1 Carb
Koha item type Textual
Source of classification or shelving scheme Colon Classification (CC)
Holdings
Withdrawn status Lost status Source of classification or shelving scheme Damaged status Not for loan Home library Current library Date acquired Serial Enumeration / chronology Total Checkouts Full call number Barcode Date last seen Price effective from Koha item type
    Colon Classification (CC)     Department of Botany Library Department of Botany Library 2022-10-07 Vol.1   JB,14f P6;Q1 Carb BD0005556 2022-10-07 2022-10-07 Textual
Copyright @ Delhi University Library System